MARC

LEADER 00000nam0a2200000 4500
001 30278
005 20231030203840.0
010 |a 5811403763 
035 |a (RuTPU)RU\TPU\book\30548 
035 |a BOOK00030625 
090 |a 30278 
100 |a 20011209d2001 u y0rusy50 ca 
101 0 |a rus 
102 |a RU 
105 |a  f 000|y 
200 1 |a Организация прокатного производства  |e учебное пособие  |f В. В. Глухов 
210 |a СПб.  |c Лань  |d 2001 
215 |a 368 с. 
225 1 |a Учебники для вузов. Специальная литература 
610 1 |a металлобработка 
610 1 |a прокатное производство 
610 1 |a история 
610 1 |a организация 
610 1 |a прокат 
610 1 |a станы 
610 1 |a горячая прокатка 
610 1 |a качество 
610 1 |a ремонт 
610 1 |a экономический анализ 
610 1 |a учебные пособия 
675 |a 621.771(075.8)  |v 3 
700 1 |a Глухов  |g Владимир Викторович 
801 0 |a RU  |b 63413507  |c 20011209  |g PSBO 
942 |c BK